000 01320nam0a22002411 4500
001 rc\843322
005 20041129092344.0
035 _a(NLR Aleph) 006024525
090 _a7463370
_c7463370
100 _a20041129d1984 u |0rusy50 ca
101 0 _arus
102 _aRU
105 _ay |||||||||
200 1 _aМетодические указания по обобщению результатов анализа действующего порядка премирования за ввод в работу в срок или досрочно очистных забоев (лав) и разработки предложений по его совершенствованию
_fМ-во угол. пром-сти СССР, ЦНИИ экономики и НТИ угол. пром-сти (ЦНИЭИуголь)
_g[Подгот. к. э. н. А.А. Липатовым и др.]
210 _aМ.
_cЦНИЭИуголь
_d1984
215 _a14 с.
_d20
702 1 _aЛипатов
_bА. А.
_gАлексей Алексеевич
_4570
712 0 2 _aЦНИИ информации и техн.-экон. исследований угольной промышленности
_cМосква
_3RU\NLR\AUTH\888204
801 0 _aRU
_bNLR
_gpsbo
801 1 _aRU
_bELAR
_2rusmarc
852 _aNLR
_j84-4/29128
942 _cBOOK
980 _aNB